01203nam a2200301Ia 4500001001100000003000800011006001900019007001500038008004100053010001700094020002100111040002100132035002100153050002400174245007800198260004400276300002300320490005700343504005100400533015200451650002800603655002900631700002300660710001700683830006100700856012500761999001500886ebr5001948CaPaEBRm u cr cn|||||||||961028s1992 enkb sb 001 0 eng d z 91036367  z0415144310 (pbk) aCaPaEBRcCaPaEBR a(OCoLC)64689631114aHT114b.C523 1992eb04aThe city in late antiquityh[electronic resource] /cedited by John Rich. aLondon ;aNew York :bRoutledge,c1992. ax, 204 p. :bmaps.1 aLeicester-Nottingham studies in ancient society ;v3 aIncludes bibliographical references and index. aElectronic reproduction.bPalo Alto, Calif. :cebrary,d2013.nAvailable via World Wide Web.nAccess may be limited to ebrary affiliated libraries. 0aCities and townszRome. 7aElectronic books.2local1 aRich, John,d1944-2 aebrary, Inc. 0aLeicester-Nottingham studies in ancient society ;vv. 3.40uhttp://site.ebrary.com/lib/rucke/Doc?id=5001948zAn electronic book accessible through the World Wide Web; click to view c1656d1656